000 00328nam a22001457a 4500
003 OSt
005 20220124110040.0
008 220124b |||||||| |||| 00| 0 eng d
020 _a8174090355
040 _cHU
082 _22ed
_a620.11
100 _aMubeen &Mubeen
_928420
245 _aMaterial Science
942 _2ddc
_cBOOKS
_n0
999 _c27605
_d27605